000 01061naa a22002897a 4500
001 BR8804175
003 BR-BrBNA
005 20240918180228.0
007 ta
008 230509b bl.||||| |||| 00| 0 por d
040 _aBR-BrBNA
_bpor
_cBiblioteca Nacional de Agricultura
041 _a(Pt)
072 _aF06
_b1740
090 _aF06 BR8804175
100 1 _aSoares, J.M.
111 1 _aSeminarios de Olericultura
_cVicosa, MG (Brazil)
_d1986
245 1 _aConsideracoes sobre a irrigacao da cebola (Allium cepa L.)
260 3 _aVicosa, MG (Brasil):
_c1986.
500 _aBustamante, P.G.; Casali, V.W.D. (coords.) Seminarios de Olericultura Vicosa, MG (Brasil): 1986. p. 54-75 (BR8804175-AM)F06
650 _aCEBOLA
650 _aIRRIGACAO
650 _aUMIDADE DO SOLO
650 _aDEFESA VEGETAL
773 0 _tSeminarios de olericultura
_aBustamante, P.G.; Casali, V.W.D. (eds.)- Universidade Federal de Vicosa, MG (Brasil)
_w1740 BR8706730
_gVicosa, MG (Brasil), 1985.
_qv. 11
909 _a202404
_bLucia
_c55
_dLucia Elande
942 _cAM
_2AGRIS
999 _c319440
_d319440